Una mecánica sin talachas

Furkejuvvon:
Bibliográfalaš dieđut
Váldodahkki: Viniegra Heberlein, Fermín (Dahkki)
Materiálatiipa: Girji
Giella:espánnjágiella
Almmustuhtton: Ciudad de México Fondo de Cultura Económica 2001
Preanttus:2a. ed
Ráidu:La Ciencia para Todos, 7
Fáttát:
Fáddágilkorat: Lasit fáddágilkoriid
Eai fáddágilkorat, Lasit vuosttaš fáddágilkora!

MARC

LEADER 00000cam a2200000 a 4500
001 UCF5291
003 CL-VaPUC
008 130307e20010000MX |||||||||||||||||spa|d
020 |a 9789681663087 
082 0 4 |a 531  |b VIN  |2 21 
100 0 |a Viniegra Heberlein, Fermín  |e author  |9 567097 
245 1 4 |a Una mecánica sin talachas 
250 |a 2a. ed 
300 |a 210 p 
942 |c BK 
945 |d 20130307 00:00:00  |a cmena 
260 |a Ciudad de México  |b Fondo de Cultura Económica  |c 2001 
650 0 |a Mecánica   |9 260096 
650 0 |a Física   |9 227844 
650 0 |a Gravitación   |9 332312 
583 |a last modification  |c 20130307 11:37:00  |k Rodrigo Vera 
490 0 |a La Ciencia para Todos, 7 
999 |c 350849  |d 350847 
952 |0 0  |1 0  |4 0  |6 531_000000000000000_VIN_2001  |7 0  |8 A  |9 454582  |a BIBMAT  |b BIBMAT  |d 2019-11-22  |i 4954440  |o 531 VIN 2001  |p 4954440  |r 2025-01-07  |w 2019-11-22  |y BK  |k MAT